Guess the City by Emoji Part 2 - Statistics

General Stats
  • This quiz has been taken 44 times
  • The average score is 7 of 10
Answer Stats
Emoji City % Correct
πŸͺπŸ”ΊπŸŒž Cairo
89%
πŸͺ†β˜­πŸ° Moscow
89%
🏟 🍝🀌 Rome
87%
πŸ―πŸˆ²πŸ‰ Beijing
84%
πŸŒ‰πŸ¦€πŸ’° San Francisco
84%
πŸ•‹πŸ§•β˜ͺ️ Mecca
79%
πŸ›ΊπŸͺ·πŸ₯» Delhi
68%
πŸ•ŒπŸŒ―πŸŒƒ Istanbul
61%
β˜’οΈβœˆοΈπŸ’£ Hiroshima
50%
πŸš πŸŒ„β˜•οΈŽ Rio de Janeiro
29%
No matching quizzes found
Score Distribution
Percent of People with Each Score
Percentile by Number Answered
Your Score History
You have not taken this quiz